Marketing strategy / (Record no. 1557)

000 -LEADER
fixed length control field 00870cam a2200289 a 4500
001 - CONTROL NUMBER
control field 1627983
003 - CONTROL NUMBER IDENTIFIER
control field OSt
005 - DATE AND TIME OF LATEST TRANSACTION
control field 20150319112420.0
008 - FIXED-LENGTH DATA ELEMENTS--GENERAL INFORMATION
fixed length control field 951004s1995 enka 001 0 eng
010 ## - LIBRARY OF CONGRESS CONTROL NUMBER
LC control number 95211274
020 ## - INTERNATIONAL STANDARD BOOK NUMBER
International Standard Book Number 0750606622
040 ## - CATALOGING SOURCE
Original cataloging agency DLC
Transcribing agency DLC
Modifying agency DLC
050 00 - LIBRARY OF CONGRESS CALL NUMBER
Classification number HF5415.M322 1995
082 00 - DEWEY DECIMAL CLASSIFICATION NUMBER
Classification number 658.8/02
Edition number 20
245 00 - TITLE STATEMENT
Title Marketing strategy /
Statement of responsibility, etc edited by Dale Littler and Dominic Wilson.
260 ## - PUBLICATION, DISTRIBUTION, ETC. (IMPRINT)
Place of publication, distribution, etc Oxford ;
-- Boston :
Name of publisher, distributor, etc Butterworth-Heinemann,
Date of publication, distribution, etc 1995.
300 ## - PHYSICAL DESCRIPTION
Extent viii, 389 p. :
Other physical details ill. ;
Dimensions 24 cm.
440 #0 - SERIES STATEMENT/ADDED ENTRY--TITLE
Title Management readers
500 ## - GENERAL NOTE
General note Includes index.
650 #0 - SUBJECT ADDED ENTRY--TOPICAL TERM
Topical term or geographic name as entry element Marketing.
650 #0 - SUBJECT ADDED ENTRY--TOPICAL TERM
Topical term or geographic name as entry element Strategic planning.
700 1# - ADDED ENTRY--PERSONAL NAME
Personal name Littler, Dale.
700 1# - ADDED ENTRY--PERSONAL NAME
Personal name Wilson, Dominic.
906 ## - LOCAL DATA ELEMENT F, LDF (RLIN)
a 7
b cbc
c orignew
d 2
e ncip
f 19
g y-gencatlg
942 ## - ADDED ENTRY ELEMENTS (KOHA)
Source of classification or shelving scheme
Koha item type Book
Holdings
Withdrawn status Lost status Source of classification or shelving scheme Damaged status Not for loan Home library Current library Shelving location Date acquired Total Checkouts Full call number Barcode Date last seen Copy number Price effective from Koha item type
          Riara University Library Riara University Library General stack 19/03/2015   HF5415.M322 1995 5374/15 19/03/2015 C.1 19/03/2015 Book

Riara University Library,
P.O. Box 49940-00100,
Nairobi, Kenya.